000 01103nam a2200217Ia 4500
999 _c37666
_d37666
001 3638
003 GE_BSU
005 20190520162548.0
008 181216s1974||||ge |||||||||||||| ||geo||
040 _cGE_BSU
041 _ageo
080 _a528.48(075.8):622.1 თ–40
100 _aთევზაძე,ნ.
_91425
245 _aსაინჟინრო გეოდეზია : 10 ნაწილად. ნაწ. 3 : განაზომთა შეცდომების თეორია და გამოთვლების ტექნიკა /
_cნ. თევზაძე ; რედ : პ.ლაბარტყავა.
264 _aთბილისი :
_bგანათლება,
_c1983.
300 _a405 გვ . :
_c26 სმ.
653 _aგანაზომთა შეცდომების თეორია და გამოთვლების ტექნიკა
653 _aსაინჟინრო გეოდეზია
700 _aლაბარტყავა, პ
_eრედაქტორი
_9523
942 _cBK
_2udc